Book that Cannot be Titled : Spiritual Insights and Reflections on Deeper Dimensions of Life (Record no. 226908)

MARC details
000 -LEADER
fixed length control field 02129nam a22002297a 4500
005 - DATE AND TIME OF LATEST TRANSACTION
control field 20230307095901.0
008 - FIXED-LENGTH DATA ELEMENTS--GENERAL INFORMATION
fixed length control field 230307b ||||| |||| 00| 0 eng d
020 ## - INTERNATIONAL STANDARD BOOK NUMBER
International Standard Book Number 9789351482628
040 ## - CATALOGING SOURCE
Transcribing agency AL
041 ## - LANGUAGE CODE
Language code of text/sound track or separate title English
082 ## - DEWEY DECIMAL CLASSIFICATION NUMBER
Edition number 23
Classification number 248.4
Item number JAYB
100 ## - MAIN ENTRY--PERSONAL NAME
Personal name S Stephen Jayard
100 ## - MAIN ENTRY--PERSONAL NAME
9 (RLIN) 74341
245 ## - TITLE STATEMENT
Title Book that Cannot be Titled : Spiritual Insights and Reflections on Deeper Dimensions of Life
260 ## - PUBLICATION, DISTRIBUTION, ETC.
Place of publication, distribution, etc. New Delhi
Name of publisher, distributor, etc. Christian World Imprints
Date of publication, distribution, etc. 2018
300 ## - PHYSICAL DESCRIPTION
Extent xiii,123 p.
Other physical details PB
Dimensions 23.3x15.5 cm.
365 ## - TRADE PRICE
Price type code 02302
Currency code
Unit of pricing ₹250.00
Price effective from 01-12-2022
520 ## - SUMMARY, ETC.
Summary, etc. The picture on the cover page clearly conveys, as the author believes, the theme and the spirit of the book. Yes, a piece of rock here is being hammered and chiseled out to create a particular sculpture. Interestingly, the sculptor himself emerges out of his own efforts to chisel it out. Similarly, the ideas and the insights in this book are given to the readers and they have to situate these ideas in their own life-situations, to find out what they mean to them. They have to draw their own lessons...and lo and behold, there will emerge, in a way, `their own book'!<br/>In today's ultra modern world, people have no time to "think" or to "reflect"; for them time is money; but unfortunately they don't seem to realize that what runs on the dial of a clock are not just the hands of the clock but their very life! Due to lack of introspection and interiorization, the deeper dimension in life is lost and they end up `absolutizing what is relative and relativizing what is absolute', but in both the cases they are the losers! The author, therefore, has purposefully left the book without a title and he is very much interested in what the readers are going to gain personally from the book. Therefore, the freedom and the responsibility of giving a title is meaningfully left to the readers themselves, and that justifies the title of the book: `A BOOK THAT CANNOT BE TITLED' (by the author, of course).
650 ## - SUBJECT ADDED ENTRY--TOPICAL TERM
Topical term or geographic name entry element Spiritual life--Christianity
9 (RLIN) 74342
650 ## - SUBJECT ADDED ENTRY--TOPICAL TERM
Topical term or geographic name entry element Christian ethics
9 (RLIN) 74343
700 ## - ADDED ENTRY--PERSONAL NAME
Personal name JAYARD (Stephen S)
9 (RLIN) 74344
942 ## - ADDED ENTRY ELEMENTS (KOHA)
Source of classification or shelving scheme Dewey Decimal Classification
Koha item type Book
Holdings
Withdrawn status Lost status Source of classification or shelving scheme Damaged status Not for loan Collection code Home library Current library Date acquired Source of acquisition Cost, normal purchase price Total Checkouts Full call number Barcode Date last seen Cost, replacement price Price effective from Koha item type
    Dewey Decimal Classification     History St Aloysius Library St Aloysius Library 03/02/2023 Papal Seminary Pune Maharashtra 411014 250.00   248.4 JAYB 076436 03/07/2023 250.00 03/07/2023 Book